Текст томруулах:    
Up island : $b a novel (Бичлэгийн дугаар. 145456)
000 -УДИРДЛАГА
Удирдлага 00573nam a22002177a 4500
003 - ХЯНАЛТЫН ТОО ТОДОРХОЙЛОГЧ
Код MN-UlNUM
005 - БИЧИЛТ ХИЙСЭН ОГНОО
Тухайн бичилтийг бичсэн засварласан сүүлийн огноо 20251110151029.0
008 - ЕРӨНХИЙ МЭДЭЭЛЭЛ
Ерөнхий мэдээлэл 251110s1997 nyu||||| |||| 001 0 eng |
020 ## - ISBN
ISBN 0060176156
040 ## - БИЧЛЭГ ҮҮСГЭГЧ БАЙГУУЛЛАГА
Бичлэг үүсгэгч номын сангийн код МУИС-ийн номын сан
084 ## - ББК АНГИЛАЛ
Нэмэлт тусгалт Уран зохиол
ББК ангилал 84(7)-44
Зохиогчийн гурван тэмдэгт S 57
Мэдлэгийн ялгаа 84 - Уран зохиол
100 1# - ЗОХИОГЧ
Зохиогчийн нэр Siddons, Anne Rivers.
245 10 - ҮНДСЭН ГАРЧИГ
Номын нэр Up island : $b a novel
Оролцогчдын тухай мэдээ by Anne Rivers Siddons.
250 ## - ДАХИН ХЭВЛЭЛТ
Дахин гаралтын дугаар 1st ed.
260 ## - ГАРАЛТЫН МЭДЭЭ
Хэвлэгдсэн газар New York, NY :
Хэвлэлийн газар HarperCollinsPublishers,
Хэвлэгдсэн он 1997.
300 ## - МАТЕРИАЛЫН ТОДОРХОЙЛОЛТ
хуудасны тоо 342 p. ;
Хэмжээ 25 cm.
500 ## - Тайлбар
Дансны дугаар БС 2038
546 ## - ХЭЛНИЙ ТУХАЙ МЭДЭЭ
Хэл Англи хэл дээр,
942 ## - ЭЛЕМЕНТИЙН ТӨРӨЛ
Зүйлийн төрөл Ном